Fish is fish / (Record no. 634)

MARC details
000 -LEADER
fixed length control field 01176nam a22003377a 4500
005 - DATE AND TIME OF LATEST TRANSACTION
control field 20231120092801.0
020 ## - INTERNATIONAL STANDARD BOOK NUMBER
International Standard Book Number 0394904400
020 ## - INTERNATIONAL STANDARD BOOK NUMBER
International Standard Book Number 0394804406
020 ## - INTERNATIONAL STANDARD BOOK NUMBER
International Standard Book Number 9780394904405
020 ## - INTERNATIONAL STANDARD BOOK NUMBER
International Standard Book Number 9780590400060
040 ## - CATALOGING SOURCE
Original cataloging agency CDS
Transcribing agency CDS
Modifying agency MDK
-- MPB
-- XY4
-- OCL
-- BAKER
-- DLC
Language of cataloging eng
050 00 - LIBRARY OF CONGRESS CALL NUMBER
Classification number PZ10.L6465
082 ## - DEWEY DECIMAL CLASSIFICATION NUMBER
Classification number 813.54
100 1# - MAIN ENTRY--PERSONAL NAME
Personal name Lionni, Leo,
Dates associated with a name 1910-1999.
245 10 - TITLE STATEMENT
Title Fish is fish /
Statement of responsibility, etc. Leo Lionni.
250 ## - EDITION STATEMENT
Edition statement First Scholastic printing, April 1995
260 ## - PUBLICATION, DISTRIBUTION, ETC.
Place of publication, distribution, etc. New York :
Name of publisher, distributor, etc. Scholastic,
Date of publication, distribution, etc. 1995.
300 ## - PHYSICAL DESCRIPTION
Extent 30 unnumbered pages :
Other physical details color illustrations ;
Dimensions 23 cm.
505 ## - FORMATTED CONTENTS NOTE
Formatted contents note M <br/>
520 ## - SUMMARY, ETC.
Summary, etc. When his friend, the tadpole, becomes a frog and leaves the pond to explore the world, the little fish decides that maybe he doesn't have to remain in the pond either. A fable about a fish who learns from a frog how to be happy just being himself.
521 ## - TARGET AUDIENCE NOTE
Target audience note 690 <br/>
Source Lexile <br/>
521 ## - TARGET AUDIENCE NOTE
Target audience note M <br/>
Source Raz-Plus <br/>
650 #0 - SUBJECT ADDED ENTRY--TOPICAL TERM
Topical term or geographic name entry element Fishes
Form subdivision Fiction.
650 #0 - SUBJECT ADDED ENTRY--TOPICAL TERM
Topical term or geographic name entry element Frogs
Form subdivision Fiction.
650 #1 - SUBJECT ADDED ENTRY--TOPICAL TERM
Topical term or geographic name entry element Fishes
Form subdivision Fiction.
650 #1 - SUBJECT ADDED ENTRY--TOPICAL TERM
Topical term or geographic name entry element Frogs
Form subdivision Fiction.
650 #1 - SUBJECT ADDED ENTRY--TOPICAL TERM
Topical term or geographic name entry element Picture books.
906 ## - LOCAL DATA ELEMENT F, LDF (RLIN)
a 7
b cbc
c copycat
d 2
e ncip
f 20
g y-gencatlg
942 ## - ADDED ENTRY ELEMENTS (KOHA)
Source of classification or shelving scheme Dewey Decimal Classification
Koha item type Books
Suppress in OPAC No
999 ## -
-- 634
-- 634
Holdings
Withdrawn status Lost status Source of classification or shelving scheme Damaged status Not for loan Collection Home library Current library Shelving location Date acquired Total Checkouts Full call number Barcode Date last seen Date last checked out Copy number Price effective from Koha item type
    Dewey Decimal Classification     Juvenile Fiction Footprints International School Library Network Toul Kork Campus Footprints International School Library Network Toul Kork Campus TK Primary Library Room(4th Floor), Bookcase 5&6, Shelves 33-56, Orange Books 06/27/2023 1 LIO Fic PZ10.L6465 FISBK02430 09/06/2024 08/12/2024 1 06/27/2023 Books
    Dewey Decimal Classification     Juvenile Fiction Footprints International School Library Network Toul Kork Campus Footprints International School Library Network Toul Kork Campus TK Primary Library Room(4th Floor), Bookcase 5&6, Shelves 33-56, Orange Books 06/27/2023 4 LIO Fic PZ10.L6465 FISTK02619 10/31/2025 10/17/2025 2 06/27/2023 Books